La trama de los cielos
Đã lưu trong:
| Những tác giả chính: | , |
|---|---|
| Định dạng: | Sách |
| Ngôn ngữ: | Tiếng Tây Ban Nha |
| Được phát hành: |
Buenos Aires
EUDEBA
1963
|
| Loạt: | Lectores de Eudeba
|
| Những chủ đề: | |
| Các nhãn: |
Thêm thẻ
Không có thẻ, Là người đầu tiên thẻ bản ghi này!
|
MARC
| LEADER | 00000nam a2200000 a 4500 | ||
|---|---|---|---|
| 001 | UCX1173 | ||
| 003 | CL-VaPUC | ||
| 008 | 900613e19630000AG |||||||||||||||||spa|d | ||
| 082 | 0 | 4 | |a 523.1 |b TOU |2 21 |
| 100 | 0 | |a Toulmin, Stephen |e author |9 316594 | |
| 700 | 0 | |a Goodfield, June |e author |9 316595 | |
| 245 | 1 | 3 | |a La trama de los cielos |
| 300 | |a 311 p | ||
| 942 | |c BK | ||
| 945 | |d 19900613 00:00:00 | ||
| 260 | |a Buenos Aires |b EUDEBA |c 1963 | ||
| 650 | 0 | |a Cosmología |9 269138 | |
| 650 | 0 | |a Astronomía |9 260985 | |
| 583 | |a last modification |c 19900613 00:00:00 |k Rodrigo Vera | ||
| 490 | 0 | |a Lectores de Eudeba | |
| 999 | |c 222479 |d 222477 | ||
| 952 | |0 0 |1 0 |4 0 |6 523_100000000000000_TOU_1963 |7 0 |8 A |9 217243 |a BIBCUR |b BIBCUR |d 2019-11-15 |i 286200K |o 523.1 TOU 1963 |p 286200K |r 2025-04-22 |w 2019-11-15 |y BK |k BCB | ||
| 952 | |0 0 |1 0 |4 0 |6 523_100000000000000_TOU_1963 |7 0 |8 A |9 217244 |a BIBCUR |b BIBCUR |d 2019-11-15 |i 1749226 |o 523.1 TOU 1963 |p 1749226 |r 2025-04-22 |w 2019-11-15 |y BK |k BCB | ||
| 952 | |0 0 |1 0 |4 0 |6 523_100000000000000_TOU_1963 |7 0 |8 A |9 217245 |a BIBCUR |b BIBCUR |d 2019-11-15 |i 1763504 |l 2 |o 523.1 TOU 1963 |p 1763504 |r 2025-04-22 |s 2025-03-14 |w 2019-11-15 |y BK |k BCB | ||